000
00284nam a22001217a 4500
020
_a
NA
082
_2
22
_a
658.7
100
_a
Gopalakrishnan, P. and Sundaresan, M.
245
_a
Materials management /
260
_b
Prentice Hall,
_c
c2005.
300
_a
0
_b
ill. ;
942
_2
ddc
_c
MAG
_0
1
999
_c
4216
_d
4216